000 00718nam a2200253Ia 4500
003 OSt
005 20220925204935.0
006 a|||||r|||| 00| 0
007 ta
008 220923b |||||||| |||| 00| 0 eng d
037 _cGeneral Book
040 _aRTL
_cRTL
_beng
041 _2eng
_aeng
082 _aY773(P15):677.73.N7, L8
100 _aStanley Sam Ed.
_9269293
245 0 _aAmerican Indian economic development
260 _aHague
_bMouton
_c1978
300 _av, 609p
_ccm.
490 _aWorld Anthropology
500 _aBibliography: P 593-96
650 _aRed Indians
942 _hY773(P15):677.73.N7, L8
_cGB
_2CC
999 _c550816
_d550816